Most Populated Cities in Europe - Statistics

General Stats
  • This quiz has been taken 75 times
  • The average score is 17 of 20
Answer Stats
Population City % Correct
8,787,892 London
100%
3,165,235 Madrid
100%
13,197,596 Moscow
100%
3,671,000 Berlin
99%
2,879,038 Rome
97%
2,241,346 Paris
96%
1,602,386 Barcelona
94%
1,748,916 Warsaw
90%
14,804,116 Istanbul
88%
1,521,678 Munich
88%
1,877,836 Vienna
88%
1,362,695 Milan
87%
5,323,300 Saint Petersburg
87%
2,909,491 Kiev
82%
1,759,407 Budapest
78%
1,280,208 Prague
76%
1,758,041 Hamburg
75%
1,883,144 Bucharest
69%
1,949,400 Minsk
63%
1,431,565 Kharkiv
16%
No matching quizzes found
Score Distribution
Percent of People with Each Score
Percentile by Number Answered
Your Score History
You have not taken this quiz